Responses for Show #1331 - Monday, May 21, 1990

Contestants

[<< previous game]

Joe Esparza, a cathecetical center associate director from San Antonio, Texas

Deborah Peters, a trial lawyer originally from Media, Pennsylvania

Michelle Collier, an office account manager from New York City, New York (whose 1-day cash winnings total $6,201)

[next game >>]

Jeopardy! Round responses

BEST SELLERS
ROCK GROUPS
FISH
THE AUTO INDUSTRY
FAMOUS COUPLES
FILE UNDER "M"
    $100 5
John Madden

Joe
    $100 1
Jim Morrison

Joe
    $100 21
Nests

Joe
    $100 2
General Motors

Joe
    $100 12
Tammy Faye Bakker

Michelle
    $100 17
Monorail

Michelle
    $200 6
"Doctor Zhivago"

Michelle
    $200 7
(D: What is Refive?)

The First Edition

MichelleDeborah
    $200 22
Grunion

Joe
    $200 3
(J: What is 4?)
(D: What is 2?)
(M: What is 6?)

3

MichelleDeborahJoe
Triple Stumper
    $200 13
Paul Prudhomme

Deborah
    $200 18
(D: What is maple syrup?)

Molasses

DeborahJoe
    $300 11
Art Linkletter

Michelle
    $300 8
The Moody Blues

Michelle
    $300 23
Catfish

Joe
    $300 4
Rolls-Royce

Deborah
    $300 14
Pablo Picasso

Deborah
    $300 28
Maximillian

Joe
    $400 26
Peter Ueberroth

Joe
    $400 9
KISS

Deborah
    $400 24
piranhas

Joe
    $400 19
Torino

Joe
    $400 15
Delta Burke

Michelle
    $1,000 29
Magna Carta

Joe
    $500 27
"The Robe"

Deborah
    $500 10
REO Speedwagon

Deborah
    $500 25
Tuna

Triple Stumper
    $500 20
Audi

Triple Stumper
    $500 16
Liv Ullmann & Ingmar Bergman

Michelle
    $500 30
Melee

Deborah

Scores at the first commercial break (after clue 10):

Michelle Deborah Joe
$500 $800 $100

Scores at the end of the Jeopardy! Round:

Michelle Deborah Joe
$1,900 $2,100 $3,400

Double Jeopardy! Round responses

EARLY AMERICA
PLAYS
WORLD GEOGRAPHY
POLITICAL TERMS
GREEK MYTHOLOGY
NUTMEGGERS
    $200 13
Daniel Boone

Deborah
    $200 1
Tea

Michelle
    $200 12
Oriental Paraguay

Deborah
    $200 24
(M: What is the gravy train?)

Bandwagon

MichelleJoe
    $200 7
Amazons

Michelle
    $200 6
Charles Goodyear

Michelle
    $400 14
(M: What are Quakers?)

Puritans

MichelleDeborah
    $400 2
(D: What are members of the family?)
(response accepted)

People

Deborah
    $400 16
Greenland

Michelle
    $400 27
Lobby

Joe
    $400 8
The Phoenix

Michelle
    $400 18
Ralph Nader

Deborah
    $600 15
The Mayflower Compact

Joe
    $600 3
"Gigi"

Michelle
    $600 17
Genoa

Deborah
    $600 28
Split Ticket

Joe
    $600 9
The Styx

Michelle
    $600 19
Gary Burghoff

Deborah
    $800 22
"XYZ" Affair

Deborah
    $800 4
London

Triple Stumper
    $800 25
Zaire

Joe
    $800 29
Favorite Son

Deborah
    $1,000 10
Odysseus

Michelle
    $800 20
Glenn Close

Triple Stumper
    $3,000 23
(D: What is the Constitution?)

Articles of Confederation

Deborah
    $1000 5
"The Little Foxes"

Deborah
    $1000 26
Peru

Joe
    $1000 30
Franking

Deborah
    $1000 11
Medusa

Joe
    $1000 21
John Sirica

Deborah

Scores at the end of the Double Jeopardy! Round:

Michelle Deborah Joe
$4,900 $6,500 $8,000

[wagering suggestions for these scores]

Final Jeopardy! Round responses

SCIENTISTS
MichelleWhat is the USA
$4,899
DeborahWhat is Germany?
$6,500
JoeWhat is the U.S.?
$5,001
Switzerland (He came to the U.S. later on)

Final scores:

Michelle Deborah Joe
$1 $0 $2,999
2nd place: Chromcraft Table & Chairs set 3rd place: Sunset Southwestern Table Lamp New champion: $2,999

Game dynamics:

Coryat scores:

Michelle Deborah Joe
$4,700 $9,500 $7,400
16 R
(including 1 DD),
3 W
19 R,
4 W
(including 1 DD)
19 R
(including 1 DD),
1 W

Combined Coryat: $21,600

[game clues] [game scores] [suggest correction]

Game tape date: 1989-12-12
The J! Archive is created by fans, for fans. Scraping, republication, monetization, and malicious use prohibited; this site may use cookies and collect identifying information. See terms. The Jeopardy! game show and all elements thereof, including but not limited to copyright and trademark thereto, are the property of Jeopardy Productions, Inc. and are protected under law. This website is not affiliated with, sponsored by, or operated by Jeopardy Productions, Inc. Join the discussion at JBoard.tv.